000 00547cam a2200217 4500
001 D9862
008 090401t1984 xxu||||| |||| 00| 0 eng d
035 _a(Sirsi) u22982
041 _aeng
050 _a693.82
100 _aWilliams, A.W.
245 _aImportant factors in real fires
260 _aGarston, Watford
_bBuilding Research Establishment
_c1984
300 _a4p. ill. 30cm
350 _a0
490 _aInformation Paper
_v20/84
520 _aCaption title
700 _aHopkinson, J.S.
942 _n0
948 _c04/03/1997
999 _c88291
_d88291